America, their America (Record no. 83899)

MARC details
000 -LEADER
fixed length control field 00976nam a2200229 a 4500
008 - FIXED-LENGTH DATA ELEMENTS--GENERAL INFORMATION
fixed length control field 120416s1968 ||||||||||||||||| || u
020 ## - INTERNATIONAL STANDARD BOOK NUMBER
International Standard Book Number 0435900501
050 ## - LIBRARY OF CONGRESS CALL NUMBER
Classification number E 169.1 Cla
100 ## - MAIN ENTRY--PERSONAL NAME
Personal name Clark-Bekederemo, J. P. (John Pepper), 1935-
245 10 - TITLE STATEMENT
Title America, their America
260 ## - PUBLICATION, DISTRIBUTION, ETC.
Place of publication, distribution, etc. London
Name of publisher, distributor, etc. Heinemann
Date of publication, distribution, etc. 1968.
300 ## - PHYSICAL DESCRIPTION
Extent 224 p.
350 ## -
-- 0.00
490 ## -
-- African writers series, 50
650 ## - SUBJECT ADDED ENTRY--TOPICAL TERM
Topical term or geographic name entry element UNITED STATES--CIVILIZATION--1945-
650 ## - SUBJECT ADDED ENTRY--TOPICAL TERM
Topical term or geographic name entry element National characteristics, American
650 ## - SUBJECT ADDED ENTRY--TOPICAL TERM
Topical term or geographic name entry element CLARK--BEKEDEREMO,J.P.(JOHN PEPPER),1935
650 ## - SUBJECT ADDED ENTRY--TOPICAL TERM
Topical term or geographic name entry element AMERICA
650 ## - SUBJECT ADDED ENTRY--TOPICAL TERM
Topical term or geographic name entry element Students, Foreign - New Jersey - Princeton
995 ## -
-- MAIN LIBRARY OPEN ACCESS
-- 0.00
-- 715719
-- CBU-MAIN LIBRARY (Kitwe)
-- 1
-- 1.25
-- E 169.1 Cla
-- 1
-- AVAILABLE
-- Sep 22, 2006
-- 001712
-- Main Library Open Access Collection
995 ## -
-- BINDERY (DAMAGED)
-- 0.00
-- 715720
-- CBU-MAIN LIBRARY (Kitwe)
-- 2
-- 1.25
-- E 169.1 Cla
-- 2
-- DAMAGED
-- Sep 22, 2006
-- 001713
-- Main Library Open Access Collection
999 ## -
-- 83899
-- 83899
Holdings
Withdrawn status Lost status Source of classification or shelving scheme Damaged status Not for loan Permanent Location Current Location Shelving location Date acquired Total Checkouts Full call number Barcode Date last seen Copy number Price effective from Koha item type Collection code
          CBU-MAIN LIBRARY, KITWE. CBU-MAIN LIBRARY, KITWE.   01/08/2024   E 169.1 Cla 001712 01/08/2024 1 01/08/2024 MONOGRAPH  
      Damaged   CBU-MAIN LIBRARY, KITWE. CBU-MAIN LIBRARY, KITWE.   01/08/2024   E 169.1 Cla 001713 01/08/2024 2 01/08/2024 MONOGRAPH BINDERY (DAMAGED)